000 00595nam a2200253Ia 4500
003 OSt
005 20220912152522.0
006 a|||||r|||| 00| 0
007 ta
008 220909b |||||||| |||| 00| 0 eng d
024 _a43960
037 _cTextual
040 _aCSL
_beng
_cCSL
041 _aeng
082 _aG95531, L2
100 _aRanwell D S
245 0 _aEcology of salt marshes and sand dunes
260 _c1972
300 _ap.
_ccm.
650 _a Coastal
650 _aBiology
942 _hG95531, L2
_cTEXL
_2CC
999 _c87681
_d87681